Foreign trade by commodities 1991-1996 Czech Republic, Greece, Hungary, Korea, Poland, Sweden, Turkey

Gespeichert in:
Bibliographische Detailangaben
Format: Buch
Sprache:Englisch
Französisch
Veröffentlicht: Paris OECD 1998
Schlagworte:
Tags: Tag hinzufügen
Keine Tags, Fügen Sie das erste Tag hinzu!

MARC

LEADER 00000nam a2200000 4500
001 c117879
005 20240422081217.5
020 |a 92-64-05753-6 
022 |a 0474-540X 
041 0 |a eng 
041 0 |a fre 
044 |a FR 
245 1 0 |a Foreign trade by commodities 1991-1996  |b Czech Republic, Greece, Hungary, Korea, Poland, Sweden, Turkey 
264 1 |a Paris  |b OECD  |c 1998 
300 |a 546 s. 
610 2 0 |a obchod zahraničný 
610 2 0 |a tovar 
610 2 0 |a komodity 
610 2 0 |a dovoz 
610 2 0 |a vývoz 
610 2 0 |a výrobky 
610 2 0 |a suroviny 
610 2 0 |a Česko 
610 2 0 |a Grécko 
610 2 0 |a Maďarsko 
610 2 0 |a Južná Kórea 
610 2 0 |a Poľsko 
610 2 0 |a Švédsko 
610 2 0 |a Turecko